000 01435cad a22003135a 4500
001 E148240
008 090821s2004 xxk f s000 0 eng d
020 1 _a0755937783
035 _a(Sirsi) u148240
041 0 _aeng
050 0 4 _a711.1 $2 18
100 2 _aBramley, Glen
245 0 0 _aReview of green belt policy in Scotland
_h[electronic resource]
260 _aEdinburgh
_bScottish Executive Social Research
_c2004
505 2 _aExecutive summary -- Introduction -- Literature and policy review -- Review of development plans -- Views of stakeholders -- Case studies: Aberdeen and Aberdeenshire; Dundee and Angus; Edinburgh and Midlothian; Glasgow and the Clyde Valley -- International perspecitives -- Assessment of policy options -- Conclusions and recommendations -- References and bibliography -- Appendices
520 _aLooks at the policy relating to green belt land in Scotland, and makes recommendations for changes to make the system more effective.
521 _aAdvanced
651 4 _aScotland
_y1999-
690 _aPlanning and development
_96259
700 1 _aHague, Cliff
700 1 _aKirk, Karryn
700 1 _aPrior, Alan
700 1 _aRaemaekers, Jeremy
700 1 _aSmith, Harry
700 1 _aRobinson, Andrew
700 1 _aBushnell, Rosie
856 4 0 _uhttps://www.scotland.gov.uk/Publications/2004/08/19785/41535
_zView the report free of charge at www.scotland.gov.uk...
942 _n0
999 _c109968
_d109968